| 000 | 00385nam a22001697a 4500 | ||
|---|---|---|---|
| 003 | OSt | ||
| 005 | 20211014105319.0 | ||
| 008 | 211014b |||||||| |||| 00| 0 eng d | ||
| 020 | _a5010011026 | ||
| 040 | _cHU | ||
| 082 | _a304.2 | ||
| 100 |
_aPROF/S.KON _913586 |
||
| 245 | _aA HISTORY OFCLASSICAL SOCIOLOGY | ||
| 260 |
_bPROGRESS _c1989 |
||
| 300 | _a376P | ||
| 942 |
_2ddc _cBOOKS _n0 |
||
| 999 |
_c12704 _d12704 |
||